Chromakopia - Tyler, The Creator - Statistics

General Stats
  • This quiz has been taken 24 times
  • The average score is 11 of 14
Answer Stats
Songs Plays Artists % Correct
Judge Judy 88,250,857 Tyler, The Creator
95%
Like Him 588,494,370 Tyler, The Creator, Lola Young
95%
Sticky 432,058,108 Tyler, The Creator, GloRilla, Sexyy Red, Lil Wayne
95%
Balloon 153,203,424 Tyler, The Creator, Doechii
90%
St. Chroma 273,507,273 Tyler, The Creator, Daniel Caesar
85%
Darling, I 193,742,947 Tyler, The Creator, Teezo Touchdown
80%
Noid 152,059,258 Tyler, The Creator
80%
Hey Jane 74,466,667 Tyler, The Creator
75%
I Hope You Find Your Way Home 57,216,407 Tyler, The Creator
75%
Rah Tah Tah 164,519,708 Tyler, The Creator
75%
Take Your Mask Off 94,859,663 Tyler, The Creator, Daniel Caesar, LaToiya Williams
75%
I Killed You 72,186,585 Tyler, The Creator
70%
Thought I Was Dead 142,138,583 Tyler, The Creator, ScHoolboy Q, Santigold
65%
Tommorow 63,516,585 Tyler, The Creator
50%
No matching quizzes found
Score Distribution
Percent of People with Each Score
Percentile by Number Answered
Your Score History
You have not taken this quiz